Encyclopedia of Pastel Techniques: A Unique Visual Directory of Pastel Painting Techniques, With Guidance On How To Use Them (Record no. 12961)

MARC details
000 -LEADER
fixed length control field 00492nam a22001697a 4500
003 - CONTROL NUMBER IDENTIFIER
control field OSt
008 - FIXED-LENGTH DATA ELEMENTS--GENERAL INFORMATION
fixed length control field 241023b |||||||| |||| 00| 0 eng d
020 ## - INTERNATIONAL STANDARD BOOK NUMBER
International Standard Book Number 9781782215943
082 ## - DEWEY DECIMAL CLASSIFICATION NUMBER
Classification number 753.4 MAE
100 ## - MAIN ENTRY--PERSONAL NAME
Personal name MARTIN, Judy
245 ## - TITLE STATEMENT
Title Encyclopedia of Pastel Techniques: A Unique Visual Directory of Pastel Painting Techniques, With Guidance On How To Use Them
250 ## - EDITION STATEMENT
Edition statement Reprint,
260 ## - PUBLICATION, DISTRIBUTION, ETC. (IMPRINT)
Place of publication, distribution, etc London,
Name of publisher, distributor, etc Search Press,
Date of publication, distribution, etc 2021,
300 ## - PHYSICAL DESCRIPTION
Extent 176 p.
650 ## - SUBJECT ADDED ENTRY--TOPICAL TERM
Topical term or geographic name as entry element B.FAD.
942 ## - ADDED ENTRY ELEMENTS (KOHA)
Source of classification or shelving scheme Dewey Decimal Classification
Koha item type Reference Books
Holdings
Withdrawn status Lost status Source of classification or shelving scheme Damaged status Not for loan Collection code Home library Current library Date acquired Source of acquisition Currency Cost, normal purchase price Bill Number Total Checkouts Full call number Acc. no. / Barcode Date last seen Actual Cost, discounted price Bill Date Koha item type
    Dewey Decimal Classification     Bachelor of Fashion and Apparel Design PIET NCR College Library PIET NCR College Library 01/10/2024 Pankaj Publication International In Rupees 1739.64 PPI-15   753.4 MAE N3794 23/10/2024 1269.94 01/10/2024 Reference Books

Design & Developed by: PIET Central Library
R70 Miles Stone Pattikalyana Samalkha Panipat 132102
mail ID :- [email protected], Phone No:- 0180-2569700 Ex.216